000 00669 aa a2200193 4500
008 081021t xxu||||| |||| 00| 0 eng d
010 _aENG-84552
020 _a0195683781
020 _c595.00 (hb)
035 _aEN-68085
082 _a320.54 / FUT
245 _aThe Future of secularism /
_cedited by T N Srinivasan
260 _aNew Delhi
_bOxford University Press
260 _c2007
300 _aviii,327p
_c22cm
700 _aSrinivasan, T N
_ced
942 _2ddc
_cEN
_h320.54
_mFUT
999 _c17857
_d17857